| 000 | 00834nam a2200241 i 4500 | ||
|---|---|---|---|
| 001 | 9860 | ||
| 003 | ES-MaACL | ||
| 005 | 20240502063034.0 | ||
| 007 | t| | ||
| 008 | 940311s1991 sp ||||1| spa d | ||
| 020 | _a84-86365-33-3 | ||
| 080 | _a92 Machado y Alvarez, Antonio | ||
| 080 | _a398.8 Machado y Alvarez, Antonio | ||
| 100 | 0 |
_aPineda Novo, Daniel, _d1942- _992106 |
|
| 245 | 1 | 0 |
_aAntonio Machado y Alvarez "Demófilo" _b: vida y obra del primer flamencólogo español / _cDaniel Pineda Novo. |
| 260 |
_aMadrid : _bCinterco, _c1991. |
||
| 300 |
_a341 p. : _bil. ; _c22 cm. |
||
| 490 | 1 |
_a[Colección Telethusa] ; _v10 |
|
| 600 | 1 | 4 |
_aMachado y Álvarez, Antonio, _d1848-1892 _975172 |
| 830 | 0 |
_a[Colección Telethusa] ; _v10 _9226722 |
|
| 852 |
_aES-MaACL _jL-17311 _bR.122373 |
||
| 999 |
_c9860 _d9860 |
||